MARC

LEADER 00000nam0a2200000 4500
001 103935
005 20231031113815.0
020 |a RU  |b 79-64832 
035 |a (RuTPU)RU\TPU\book\112041 
090 |a 103935 
100 |a 20061024d1979 m a0rusy5003 ca 
101 0 |a rus 
102 |a RU 
105 |a a z 000zy 
200 1 |a Озера Африки  |f Ю. Д. Дмитревский, И. Н. Олейников 
210 |a Ленинград  |c Гидрометеоиздат  |d 1979 
215 |a 184 с.  |c ил., 16 л. ил.  |d 20 см. 
610 1 |a гидрогеология 
610 1 |a озера 
610 1 |a Африка 
610 1 |a открытие 
610 1 |a проблемы 
675 |a 551.481  |z rus 
700 1 |a Дмитревский  |b Ю. Д.  |4 070 
701 1 |a Олейников  |b И. Н.  |4 070 
801 0 |a RU  |b RuMRKP  |c 19950704  |g psbo 
801 1 |a RU  |b 63413507  |c 20061024  |g PSBO 
801 2 |a RU  |b 63413507  |c 20070217  |g PSBO 
942 |c BK